000 00345nam a2200145Ia 4500
008 191201s2019 xx 000 0 und d
082 _a621.319
_bTOE
100 _aTOOLEY, Michael
245 0 _aElectronic Circuits Handbook
250 _a2nd
260 _aN.Delhi
_bBPB Publication
300 _a373
650 _aB.Tech(ECE)
942 _2ddc
_cBK
999 _c2008
_d2008